00549nam a2200181Ia 4500008004100000020001500041082001700056100002500073245005300098250000800151260002500159300001500184500002400199650001600223942000700239952010600246999001500352230524s9999 xx 000 0 und d a8120327551 a621.382bHAR aJames H.Harter96438 0aElectromechanics Principles Concepts and Devices a2ND aNEW DELHIbPHIc2005 aXXXVII;641 aQuantity Number: 1 aElectronics cBK 00104070aTATCLbTATCLcGENd2023-05-24l0o621.382 HARp1450r2023-05-24w2023-05-24yBKzCPEC5203 c8981d8981